书目信息 |
| 题名: |
霍乱时期的爱情
|
|
| 作者: | 马尔克斯 著 ;杨玲 译 | |
| 分册: | ||
| 出版信息: | 海口 南海出版公司 2012.09 |
|
| 页数: | 401页 | |
| 开本: | 22cm | |
| 丛书名: | 新经典文库 | |
| 单 册: | ||
| 中图分类: | I775.45 | |
| 科图分类: | ||
| 主题词: | 长篇小说--哥伦比亚--现代 , 长篇小说 | |
| 电子资源: | ||
| ISBN: | 978-7-5442-5897-5 | |
| 000 | 01131oam2 2200313 450 | |
| 001 | 005611747 | |
| 005 | 20130608170258.78 | |
| 010 | @a978-7-5442-5897-5@b精装@dCNY39.50 | |
| 035 | @a(A210000LPL)012004611346 | |
| 100 | @a20121009d2012 em y0chiy50 ea | |
| 101 | 1 | @achi@cspa |
| 102 | @aCN@b460000 | |
| 105 | @ay z 000ay | |
| 106 | @ar | |
| 200 | 1 | @a霍乱时期的爱情@9huo luan shi qi de ai qing@dEl amor en los tiempos del colera@f加西亚·马尔克斯著@g杨玲译@zspa |
| 210 | @a海口@c南海出版公司@d2012.09 | |
| 215 | @a401页@d22cm | |
| 225 | 2 | @a新经典文库@i加西亚·马尔克斯作品@v03 |
| 308 | @a文库668 | |
| 330 | @a不可避免,苦杏仁的气味总是让他想起爱情受阻后的命运。刚一走进还处在昏暗之中的房间,胡维纳尔·乌尔比诺医生就察觉出这种味道…… | |
| 462 | 0 | @12001 @a新经典文库@i加西亚·马尔克斯作品@v03 |
| 510 | 1 | @aEl amor en los tiempos del colera@zspa |
| 606 | 0 | @a长篇小说@y哥伦比亚@z现代 |
| 606 | 0 | @a长篇小说 |
| 690 | @aI775.45@v5 | |
| 701 | 0 | @c(哥伦)@a马尔克斯@9ma er ke si@c(Márquez, Gabriel García@f1927-)@4著 |
| 702 | 0 | @a杨玲@9yang ling@4译 |
| 801 | 0 | @aCN@bNLC@c20121009 |
| 905 | @dI775.45@e49 | |
| 霍乱时期的爱情=El amor en los tiempos del colera/加西亚·马尔克斯著/杨玲译.-海口:南海出版公司,2012.09 |
| 401页;22cm.-(新经典文库.加西亚·马尔克斯作品;03) |
| ISBN 978-7-5442-5897-5(精装):CNY39.50 |
| 不可避免,苦杏仁的气味总是让他想起爱情受阻后的命运。刚一走进还处在昏暗之中的房间,胡维纳尔·乌尔比诺医生就察觉出这种味道…… |
| ● |
| 相关链接 |
|
|
|
|
正题名:霍乱时期的爱情
索取号:I775.45/49
 
预约/预借
| 序号 | 登录号 | 条形码 | 馆藏地/架位号 | 状态 | 备注 |
| 1 | 0545382 | 205453828 | 第一样本阅览室/ [索取号:I775.45/49] | 在馆 | |
| 2 | 0545383 | 205453837 | 第二借阅区/ [索取号:I775.45/49] | 在馆 | |
| 3 | 0545384 | 205453846 | 第二借阅区/ [索取号:I775.45/49] | 在馆 | |
| 4 | 0545385 | 205453855 | 教育系资料室/ [索取号:I775.45/49] | 在馆 | |
| 5 | 0545386 | 205453864 | 教育系资料室/ [索取号:I775.45/49] | 在馆 |